书目信息 |
| 题名: |
左氏百川学海
|
|
| 作者: | 左圭 辑 | |
| 分册: | 第十七册 | |
| 出版信息: |
|
|
| 页数: | 全一册 | |
| 开本: | 17.5*13cm | |
| 丛书名: | 影刻咸淳本左氏百川学海 | |
| 单 册: | ||
| 中图分类: | Z121.4 | |
| 科图分类: | ||
| 主题词: | 丛书--中国 | |
| 电子资源: | ||
| ISBN: | ||
| 000 | 00670nam0 2200217 450 | |
| 001 | 0660581094 | |
| 005 | 20061027085949.43 | |
| 010 | @b线装@dCNY210.00(本函) | |
| 100 | @a20061017d km y0chiy0120 ea | |
| 101 | 0 | @achi |
| 200 | 1 | @a左氏百川学海@Azuo shi bai chuan xue hai@h第十七册@f(宋)左圭辑@F(song)zuo gui ji |
| 215 | @a全一册@d17.5*13cm | |
| 225 | 2 | @a影刻咸淳本左氏百川学海@h火 |
| 300 | @a第13-18册为一函,共五函十集 | |
| 305 | @a本书为北京市中国书店影印武进陶氏涉园版本线装 | |
| 410 | 0 | @12001 @a影刻咸淳本左氏百川学海 |
| 606 | 0 | @a丛书@x中国 |
| 690 | @aZ121.4@v3 | |
| 701 | 0 | @a左圭@Azuo gui@4辑 |
| 801 | 0 | @aCN@bPFT@c20061027 |
| 905 | @a10447@dZ121.4@e2:17 | |
| 左氏百川学海.第十七册/(宋)左圭辑 |
| 全一册;17.5*13cm.-(影刻咸淳本左氏百川学海.火) |
| 第13-18册为一函,共五函十集 |
| ISBN (线装):CNY210.00(本函) |
| ● |
| 相关链接 |
|
|
|
|
正题名:左氏百川学海
索取号:Z121.4/2:17
 
预约/预借
| 序号 | 登录号 | 条形码 | 馆藏地/架位号 | 状态 | 备注 |
| 1 | 0222032 | 202433651 | 古籍典藏专区/ [索取号:Z121.4/2:17] | 在馆 | |
| 2 | 0222038 | 202433599 | 古籍典藏专区/ [索取号:Z121.4/2:17] | 在馆 |